000 00823nam a2200241 a 4500
001 57501
003 BD-RjUL
005 20211209080524.0
008 730115r19611958njua 000 0 eng
035 _a(BD-RjUL)57625
040 _aDLC
_cOClU
_dOCoLC
_dUk
_dOCoLC
_dDLC
_beng
041 _aeng
082 _a361.1
_223
_bWAS 1961
100 1 _aWalsh, Mary E.
_q(Mary Elizabeth),
_d1941-
_9170754
245 1 0 _aSocial problems and social action /
_c[by] Mary Elizabeth Walsh [and] Paul Hanly Furfey.
260 _aEnglewood Cliffs, N.J.,
_bPrentice-Hall,
_c1958[Peinting196 ]
300 _a465 p. :
_billus. ;
_c22 cm.
650 0 _aSocial problems
_9170755
651 0 _aUnited States
_xSocial conditions
_9170756
700 1 _aFurfey, Paul Hanly,
_d1896-1992,
_ejoint author
_9170757
942 _2ddc
_cBK
999 _c57501
_d57501